000
00263 a2200097 4500
001
55373
100
_a
245
_a
Necessary illusions : thought control in democratic societies
260
_a
New Delhi
_b
Viva Books Pvt ltd
_c
2007
090
_c
34358
_d
34358
942
_a
NUST-CAE
_c
MONOGRAPH
_c
27067
999
_c
290446
_d
290446